| 000 | 00560nam a22001697a 4500 | ||
|---|---|---|---|
| 003 | NUST - PNEC | ||
| 005 | 20170116180923.0 | ||
| 008 | 150905b xxu||||| |||| 00| 0 eng d | ||
| 020 | _a8170296188 | ||
| 040 | _cLIBRARY | ||
| 082 | _a 621.381528 TOW | ||
| 100 |
_97864 _aTowers, T. D. |
||
| 245 |
_aTowers' International mospower & other fet selector : specification data for the identification, selection and substitution of mospower and other fet's _c T. D. Towers |
||
| 260 | _cc.1956 | ||
| 650 |
_97869 _aField-effect transistors _xIME |
||
| 942 |
_2ddc _cBK |
||
| 999 |
_c65670 _d65670 |
||